00662nam a2200229 a 4500001001300000003000900013005001700022008004100039020001000080082001500090245001900105260004700124300000800171500003500179505002000214650002200234710003300256902000800289942000700297952011500304999001300419nice12345678IN_TiNIC20260116011318.0050524s1897 mada grp 000 0 eng  ac10000a269.2bCLS aLands of Islam aMadrasbChristian Literature Societyc1897 a52p aincludes index and biblioraphy2 aQuranic Science aEvangelistic Work2 aChristian Literature Society bSRS cBK 001040708StackRoom-aHMIbHMId2007-07-13g100.00l0o269.2 CLSp01946r2007-07-13v100.00w2005-05-24yBK c405d405